Harry Potter: Scribenpenne - Statistiques

Statistiques générales
  • Ce quiz a été pris 17 fois
  • Le résultat moyen est 5 sur 7
Statistiques - réponses
Information Réponses % Correct
Pays Royaume-Uni
93%
Dernière mention Harry Potter et le Prince de Sang Mêlé
79%
Cliente connue Hermione Granger
79%
Fonction Magasin de plumes
79%
Ville Pré-au-Lard
79%
Première apparition Harry Potter et l’Ordre du Phénix
71%
Etat Ecosse
64%
Aucun quiz correspondant
Distribution des résultats
% des personnes avec chaque résultat
Percentile par nombre de réponses
Votre historique - résultats
Vous n’avez pas pris ce quiz